000 00868nam a2200265Ia 4500
003 OSt
005 20221005104252.0
006 a|||||r|||| 00| 0
007 ta
008 221004b |||||||| |||| 00| 0 hin d
020 _a9788188178543 (hbk)
_c500
024 _a17283
037 _b24018, 27/03/2015, Kitab Ghar
_cTextual
040 _aCRL
_cCRL
_bhin
041 _2hin
_ahin
082 _aO152,3M80,RA, L1;Q3
100 _aप्रेमचन्द
245 0 _aरंगभूमि
246 _aRangabhūmi
260 _aदिल्ली
_bप्रखर प्रकाशन भारत
_c2013
300 _a587पृ0
_ccm.
650 _aहिन्दी साहित्य
942 _hO152,3M80,RA, L1;Q3
_cTEXL
_2cc
999 _c1012212
_d1012212